Central Library OPAC University of Rajshahi

ব্রহ্মপুত্র যমুনায় সামরিক অভিযান / (Record no. 76747)

MARC details
000 -LEADER
fixed length control field 00817nam a22002177a 4500
001 - CONTROL NUMBER
control field 76747
003 - CONTROL NUMBER IDENTIFIER
rucl marc code BD-RjUL
005 - DATE AND TIME OF LATEST TRANSACTION
control field 20211209082859.0
008 - FIXED-LENGTH DATA ELEMENTS--GENERAL INFORMATION
fixed length control field 200116s2018 bg ||||| |||| 00| 0 ben d
020 ## - INTERNATIONAL STANDARD BOOK NUMBER
International Standard Book Number 9789849341833
035 ## - SYSTEM CONTROL NUMBER
System control number (BD-RjUL)
040 ## - CATALOGING SOURCE
Original cataloging agency BD-RjUL
Language of cataloging eng
Transcribing agency BD-RjUL
041 ## - LANGUAGE CODE
Language code of text/sound track or separate title eng
082 ## - DEWEY DECIMAL CLASSIFICATION NUMBER
Edition number 23
Classification number 954.025
Author mark and year SIB 2018
100 ## - MAIN ENTRY--PERSONAL NAME
Personal name সিদ্দিকী, মাহবুব
9 (RLIN) 237694
245 ## - TITLE STATEMENT
Title ব্রহ্মপুত্র যমুনায় সামরিক অভিযান /
Remainder of title [পুরাণকাল থেকে ১৯৭১]
Statement of responsibility, etc. মাহবুব সিদ্দিকী
260 ## - PUBLICATION, DISTRIBUTION, ETC. (IMPRINT)
Place of publication, distribution, etc. ঢাকা :
Name of publisher, distributor, etc. দিব্য প্রকাশ,
Date of publication, distribution, etc. ২০১৮
300 ## - PHYSICAL DESCRIPTION
Pagination ২৪০ পৃ. ;
Size ২২ সেমি.
651 ## - SUBJECT ADDED ENTRY--GEOGRAPHIC NAME
Geographic name India
General subdivision Mogul Empire
9 (RLIN) 237703
942 ## - ADDED ENTRY ELEMENTS (KOHA)
Source of classification or shelving scheme Dewey Decimal Classification
Koha item type Books
Holdings
Lost status Source of classification or shelving scheme Damaged status Not for loan Permanent Location Current Location Shelving location Date acquired Source of acquisition Cost, normal purchase price Total Checkouts Full call number Date last seen Copy number Koha item type
  Dewey Decimal Classification   Not For Loan Central Library, University of Rajshahi Central Library, University of Rajshahi Reading Room 08/12/2019 Author 350.00   B 954.025 SIB 2018 16/01/2020 C-1 Books
  Dewey Decimal Classification     Central Library, University of Rajshahi Central Library, University of Rajshahi   08/12/2019 Author 350.00   B 954.025 SIB 2018 16/01/2020 C-2 Books